000 00286nam a2200109Ia 4500
005 20260328104310.0
008 260328s9999||||xx |||||||||||||| ||und||
100 _aBiamonti, Alessandro
245 0 _aAtlas Ilustrado del DiseƱo /
_cAlessandro Biamonti
260 _bSusaeta
942 _cBK
999 _c10903
_d10903